000 00689nam a2200193 a 4500
001 000295930
003 AM-YeHGA
005 20250618071921.0
008 031219s1981 ai 000 | arm d
040 _aAM-YeHGA
041 0 _aarm
100 1 _aՍահինյան, Անահիտ Արամի,
_d1917-2010
_92337
245 1 0 _aԿարոտ :
_b[Վեպ] /
_cԱ.Ա. Սահինյան; Խմբ.՝ Ս.Հ. Ումառյան.
260 _aԵրևան :
_bՍովետական գրող,
_c1981.
300 _a503 էջ ;
_c20 սմ.
650 1 4 _aՀայ գրականություն
_xՎեպ
700 1 _aՈւմառյան, Սերգեյ Հովհաննեսի,
_d1920-1995
_eխմբ.
_4edt
_92472
090 _c109902
999 _c108574
_d108574